Juridictions religieuses et l`Etat

Gespeichert in:
Bibliographische Detailangaben
Hauptverfasser: Potz, Richard (VerfasserIn), Wieshaider, Wolfgang (VerfasserIn)
Format: Buch
Sprache:Französisch
Englisch
Veröffentlicht: Granada Comares S. L 2015
Ausgabe:1a. ed
Schlagworte:
Tags: Tag hinzufügen
Keine Tags, Fügen Sie den ersten Tag hinzu!

MARC

LEADER 00000cam a2200000 a 4500
001 UCC6794
003 CL-VaPUC
005 20250103100417.0
008 190111e20150000sp 1 fre d
020 |a 9788490453544 
041 0 7 |a fre  |2 CL-VaPUC 
041 0 7 |a eng  |2 CL-VaPUC 
082 0 4 |a 261.7  |b POT  |2 21 
100 1 |a Potz, Richard  |e author  |9 622369 
700 1 |a Wieshaider, Wolfgang  |e author  |9 622370 
245 1 0 |a Juridictions religieuses et l`Etat 
246 1 0 |a Religious adjudication and the State 
250 |a 1a. ed 
260 |a Granada  |b Comares S. L  |c 2015 
300 |a 261 p 
583 |a last modification  |c 20190909 09:32:36  |k Rodrigo Vera 
650 0 0 |a Iglesia y Estado  |9 254995 
650 0 0 |a Iglesia Católica  |9 256114 
942 |c BK 
945 |a dcastane  |d 20190111 14:04:00 
546 |a En Francés 
546 |a En Inglés 
536 |a European Consortium for Church and State Research 
518 |p Juridictions Religieuses et l`Etat Colloque Annuel, 26, Vienna, 13-16 novembre 2014 
999 |c 384953  |d 384951 
952 |0 0  |1 0  |3 erb  |4 0  |6 261_700000000000000_POT_2015  |7 0  |8 A  |9 507966  |a BIBDER  |b BIBDER  |i 5528216  |o 261.7 POT 2015  |p 5528216  |r 2023-01-25  |w 2020-01-23  |y BK  |z Catalogado en:20190111  |k DER